000 00527cam a2200181 i 4500
005 20140520110330.0
008 771208s1979 nyua b 001 0 eng
020 _a0841903433
245 0 0 _aConversion to Islam /
_cedited by Nehemia Levtzion.
260 _aNew York :
_bHolmes & Meier,
_c1979.
300 _aviii, 272 p. :
_bill. ;
_c24 cm.
500 _aIncludes index.
504 _aBibliography: p. 247-265.
650 0 _aIslam
_xHistory.
650 0 _aMuslim converts.
700 1 _aLevtzion, Nehemia.
942 _2lcc
_cBK
999 _c36161
_d36161